[Event "Turin olympic op-A"]
[Site "Turin"]
[Date "2006.05.25"]
[Round "4"]
[White "Rossetti, Mauro"]
[Black "Monge, Maurizio"]
[Result "1/2-1/2"]
[WhiteElo "2115"]
[BlackElo "1793"]
[PlyCount "87"]
[EventDate "2006.05.22"]
[EventType "swiss"]
[EventRounds "9"]
[EventCountry "ITA"]
[SourceTitle "EXT 2011"]
[Source "ChessBase"]
[SourceDate "2010.11.26"]
[SourceVersion "1"]
[SourceVersionDate "2010.11.26"]
[SourceQuality "1"]

1. Nf3 d5 2. d4 Nf6 3. c4 c6 4. e3 Bf5 5. Qb3 Qb6 6. c5 Qc7 7. Nc3 Nbd7 8. Nh4 Bg6 9. f4 Be4 10. Nxe4 Nxe4 11. Bd3 Ndf6 12. Qc2 h6 13. Nf3 g5 14. Nd2 gxf4 15. exf4 0-0-0 16. Nf3 Rg8 17. Ne5 Qa5+ 18. Kf1 Bg7 19. a3 Nd7 20. b4 Qc7 21. g3 f6 22. Ng6 Nf8 23. Bxe4 dxe4 24. Nxf8 Rgxf8 25. Qxe4 e5 26. dxe5 fxe5 27. Kg2 Rd4 28. Qg6 exf4 29. Qe6+ Kb8 30. Bxf4 Rdxf4 31. gxf4 Bxa1 32. Rxa1 Qxf4 33. Re1 Qf3+ 34. Kg1 a6 35. Qe5+ Ka7 36. Qg3 Qd5 37. Re5 Qa2 38. Re4 Qd2 39. h3 Rf5 40. Qg2 Qd1+ 41. Kh2 Rg5 42. Rg4 Re5 43. Re4 Rg5 44. Rg4 1/2-1/2